Help yourself to better English.

Bibliographic Details
Main Author: Tracey, Patricia Cleland
Format: Book
Language:English
Published: Minneapolis : T.S. Denison, [1962]
Subjects:

MARC

Tag First Indicator Second Indicator Subfields
LEADER 00000cam a2200000 4500
001 in00000200344
005 20151009055502.0
008 750627s1962 mnu 00000 eng
010 |a  62014149  
035 |a (OCoLC)01415541 
035 |9 AAX0990AM 
040 |c ORL  |d TXA  |d UtOrBLW 
049 |a TXAM  |c [351034] 
050 0 0 |a PE1111  |b .T7745 
082 0 |a 428 
100 1 |a Tracey, Patricia Cleland. 
245 1 0 |a Help yourself to better English. 
264 1 |a Minneapolis :  |b T.S. Denison,  |c [1962] 
300 |a 232 pages ;  |c 22 cm. 
336 |a text  |b txt  |2 rdacontent 
337 |a unmediated  |b n  |2 rdamedia 
338 |a volume  |b nc  |2 rdacarrier 
650 0 |a English language  |x Grammar. 
999 |a MARS 
999 f f |s 4a97b827-1c68-3656-93ed-5bf2126a5da8  |i e00435c6-9f06-3044-90e7-83413c0b1dd5  |t 0 
952 f f |p normal  |a Texas A&M University  |b College Station  |c Sterling C. Evans Library  |d Evans: Library Stacks  |t 0  |e PE1111 .T7745  |h Library of Congress classification  |i unmediated -- volume  |m A14803584115 
998 f f |a PE1111 .T7745  |t 0  |l Evans: Library Stacks